000 00431nam a2200193Ia 4500
005 20240823040539.0
008 240823s9999||||xx |||||||||||||| ||und||
020 _a81-7366-951-1
041 _aENGLISH
082 _A158.1 Q2
100 _aSuki Sivam
245 0 _aVetri Meedhu Vetri Vandhu
250 _a1st
260 _c2012
_bSuki
500 _aYES
650 _aTamil Books
_bGeneral
942 _cBK
999 _c203368
_d203368